Normal view
MARC view
- Sarfraz Ahmed Dr
Entry Personal Name
001 - CONTROL NUMBER
- control field: 50892
003 - CONTROL NUMBER IDENTIFIER
- control field: NUST
005 - DATE AND TIME OF LATEST TRANSACTION
- control field: 20210314134832.0
008 - FIXED-LENGTH DATA ELEMENTS
- fixed length control field: 210314|| aca||aabn | a|a d
040 ## - CATALOGING SOURCE
- Original cataloging agency: NUST
- Transcribing agency: NUST
100 ## - HEADING--PERSONAL NAME
- Personal name: Sarfraz Ahmed Dr
670 ## - SOURCE DATA FOUND
- Source citation: Work cat.: (NUST): Muhammad Tahir 48574, Impact of training and motivation on human resource performance in construction industry of Pakistan , 2015
